Дело о пожертвовании прозектором Московского университета Н.И. Летуновым собрания препаратов для акушерского и анатомо-патологич...

Доступно только в Электронных читальных залах Найти на картеНа карте
RUSMARC
00004518nmc2a2200000 x 450
0011e8bc8cb-2149-4938-a763-ebc42459f156
00520170414183222.0
100##$a20140616l18551856k l0rusy0189 ca
1010#$arus
102##$aRU
2001#$aДело о пожертвовании прозектором Московского университета Н.И. Летуновым собрания препаратов для акушерского и анатомо-патологического кабинетов Дерптского университета
$j10 ноября 1855 г. - 30 апреля 1856 г.
251##$cДело
300##$aДело
300##$aОриг. заголовок дела: Дело по предложению министра народного просвещения об отсылке в Дерптский университет пожертвованного прозектором Московского университета Летуновым собрания препаратов для акушерского и анатомико-патологического кабинетов. 10 ноября 1855 г. - 30 апреля 1856 г
801#0$aRU
$bРГИА
$c20140616
$gRCR
801#1$aRU
$bГлавНИВЦ
$c20140616
$2rusmarc
801#2$aRU
$bПБ им. Б.Н. Ельцина
$c20170414
$gRCR
$2rusmarc
850##$aРГИА
852##$aРГИА
$eФедеральное казенное учреждение "Российский государственный исторический архив" (РГИА)
$j481
937##$hРГИА
$d11175772
$aASBIBLIO_SCAN
462#0$1001fe4edb2a-8658-4269-9710-afcb460e1db3
$12001
$aДела Департамента народного просвещения по Дерптскому учебному округу за 1837-1862 гг.
$1251
$cОпись
$1852
$j57
461#0$1001a74412a3-3cc5-4d21-8f0a-dfe2fbd9e72d
$12001
$aДепартамент народного просвещения Министерства народного просвещения (1803-1917)
$1251
$cФонд
$1852
$j733
215##$a12 л.
$d36,5x26 см
371##$aДокумент не является опубликованным и широко распространяемым
105##$aу###
1222#$ad
5171#$aДело по предложению министра народного просвещения об отсылке в Дерптский университет пожертвованного прозектором Московского университета Летуновым собрания препаратов для акушерского и анатомико-патологического кабинетов. 10 ноября 1855 г. - 30 апреля 1856 г
035##$a1e8bc8cb-2149-4938-a763-ebc42459f156
856##$uhttp://readingroom.main.prlib.ru/item.aspx?id_node=n97000415&mode=full
Формат отображения